Science Quiz

Random Science or Animal Quiz

Hi, Zoo Animal! Where You From? Quiz Stats

 Plays Quiz Updated Oct 19, 2018

Also try: Bear Countries
Challenge
Share
Tweet
Embed
Score 0/47 Timer 05:00
2 Plays Today
% Correct
India
94.5%
India
94.5%
Canada
93.3%
Russia
92.2%
United States (Alaska)
91.5%
China
87.5%
Denmark (Greenland)
80.7%
Brazil
80.6%
Norway
78.5%
Kenya
78.1%
Pakistan
77.5%
Argentina
76%
Chile
75.4%
Peru
74.3%
Peru
74.3%
Democratic Republic of Congo
71.8%
Vietnam
69.6%
Nepal
69.4%
Thailand
68.8%
Nepal
68.4%
Indonesia
67%
Laos
66.3%
Bangladesh
65.7%
Bangladesh
65.7%
% Correct
Colombia
63.8%
Cambodia
63%
Uganda
61%
Myanmar
60.9%
Rwanda
60.7%
Nigeria
60.1%
Ecuador
60%
Sri Lanka
59.7%
Malaysia
59.4%
Bolivia
58.5%
Republic of the Congo
57.8%
Central African Republic
57.8%
Bhutan
53.9%
Ethiopia
53.8%
Bhutan
52.6%
Madagascar
51%
Cameroon
49.8%
Singapore
47.1%
Angola
46.4%
Philippines
45.9%
Gabon
41.3%
Brunei
36.1%
Equatorial Guinea
34.2%

You're not logged in!

Compare scores with friends on all Sporcle quizzes.
Join for Free
OR
Log In

You Might Also Like...

Show Comments

Extras

Top Quizzes Today


Score Distribution

Your Account Isn't Verified!

In order to create a playlist on Sporcle, you need to verify the email address you used during registration. Go to your Sporcle Settings to finish the process.

Report this User

Report this user for behavior that violates our Community Guidelines.

Details: